1458 1964 1377 1702 1363 1437 1855 1947 1699 1523 1909 1930 1561 1704 1125 1107 1375 1367 1803 1557 1397 1861 1852 1884 1322 1410 1337 1531 1011 1899 1119 1720 1076 1246 1155 1044 1798 1805 1713 1200 1095 1267 1949 1329 1032 1097 1234 1647 1904 1189 1697 1613 1140 1143 1106 1889 1954 1634 1954 1863 1192 1138 1777 1736 1678 1740 1160 1869 1770 1153 1355 1077 1197 1211 1676 1135 1032 1293 1058 1489 1956 1109 1581 1415 1990 1226 1609 1654 1016 1956 1938 1560 1365 1780 1883 1159 1497 1953 1246 BCNSPRNW ULIB Ver.6.0+V

เปลี่ยนเป็นภาษาไทย

Change to English
 แสดงรายละเอียดบรรณานุกรม
  กลับหน้าหลัก

Brief Record : Get Marc (ISO 2709) : E-mail record : QR code < ปิดหน้าต่าง
LEADER : 00000nam 2200000uu 4500
001    13399120544
003     ULIB
008    120924s2550||||th 000 0 tha d
020    ^a9789741107292
060 04 ^aWB890^bส265อ 2550
100 0  ^aสมพร กันทรดุษฎี-เตรียมชัยศรี
245 10 ^aอภิธานศัพท์ :^bในการดูแลผสมผสานและการดูแลสุขภาพทางเลือกทางการพยาบาลและการพยาบาลสาธารณสุข = Glossary of complementary and alternative health care and terms in nursing and public health nursing /^cสมพร กันทรดุษฎี-เตรียมชัยศรี
246 31 ^aGlossary of complementary and alternative health care andterms in nursing and public health nursing
250    ^aพิมพ์ครั้งที่ 1
260    ^aกรุงเทพฯ :^bภาควิชาการพยาบาลสาธารณสุข คณะสาธารณสุขศาสตร์มหาวิทยาลัยมหิดล,^c2550
300    ^a154 หน้า ;^c21 ซม.
650  7 ^aการพยาบาลสาธารณสุข^vอภิธานศัพท์
650  7 ^aการแพทย์ทางเลือก^vอภิธานศัพท์
650  7 ^aสุขภาพ^vอภิธานศัพท์
710 2  ^aมหาวิทยาลัยมหิดล. ^bคณะสาธารณสุขศาสตร์.^bภาควิชาการพยาบาลสาธารณสุข
945    ^p160^l0^i14296
945    ^p160^l0^i14788
995    ^aกัณชพร
999 ^a ใช้งานได้ทุกระบบ
รายการนี้ยังไม่มีแท็ก
คุณยังไม่ได้ล็อกอิน คุณสามารถมีกิจกรรมร่วมกับเว็บไซต์ได้ แต่ต้องล็อกอินก่อน ::
  ล็อกอิน

รายการสื่อสารสนเทศ

ลำดับที่ ประเภท เลขเรียก/บาร์โค้ด สถานที่ สถานะ
1. วิทยาศาสตร์การแพทย์ และสุขภาพ
วิทยาศาสตร์การแพทย์ และสุขภาพ
WB890 ส265อ 2550  
  Barcode: 14296
ห้องสมุดวิทยาเขตสวรรค์ประชารักษ์
►ส่วนจัดเก็บหนังสือเก่า สปร
บนชั้น
  ขอยืม
2. วิทยาศาสตร์การแพทย์ และสุขภาพ
วิทยาศาสตร์การแพทย์ และสุขภาพ
WB890 ส265อ 2550 ฉ.2 
  Barcode: 14788
ห้องสมุดวิทยาเขตสวรรค์ประชารักษ์
►ส่วนจัดเก็บหนังสือเก่า สปร
บนชั้น
  ขอยืม

รายการใกล้เคียง
    ผู้แต่ง [สมพร กันทรดุษฎี-เตรียมชัยศรี]

BibComment


ยังไม่เคยถูกคอมเมนท์

คอมเมนท์ทรัพยากรรายการนี้
  คอมเมนท์: อภิธานศัพท์ ในก..


 Copyright 2026. Bcnsprnw @Library